ბათუმის შოთა რუსთაველის სახელმწიფო უნივერსიტეტის ბიბლიოთეკა

მემკვიდრეობის სამართალი / (ბიბ.ჩანაწერი № 57240)

000 -ლიდერი
ფიქსირებული სიგრძის საკონტროლო ველი 00876nam a22002057a 4500
003 - საკონტროლო ნომრის იდენტიფიკატორი
საკონტროლო ველი Ge_BSU
005 - ბოლო ოპერაციის თარიღი და დრო
საკონტროლო ველი 20200127122901.0
008 - ფიქსირებული სიგრძის მონაცემთა ელემენტები - ზოგადი ინფორმაცია
ფიქსირებული სიგრძის საკონტროლო ველი 200127s2007 ge ||||| |||| 00| 0 geo d
041 ## - ენის კოდი
Language code of text/sound track or separate title geo
080 ## - უნივერსალური ათობითი კლასიფიკაციის ინდექსი
Universal Decimal Classification number 347.65/68 ა-97
100 ## - მთავარი ჩანაწერი - პიროვნების სახელი
Personal name ახვლედიანი, ზურაბ.
9 (RLIN) 807
245 ## - ცნობა სათაურის შესახებ
Title მემკვიდრეობის სამართალი /
Statement of responsibility, etc ზურაბ ახვლედიანი ; რედ. ბესარიონ ზოიძე.
250 ## - გამოცემის ცნობა
Edition statement მე-3 გამოც.
264 ## - წარმოების, გამოცემის, დისტრიბუციის და სხვა ცნობები
გამოცემის, წარმოების, დისტრიბუციის... ადგილი თბილისი :
გამოცემის, წარმოების, დისტრიბუციის... სახელწოდება ბონა კაუზა,
გამოცემის, წარმოების, დისტრიბუციის... თარიღი 2007.
300 ## - ფიზიკური აღწერა
Extent 112 გვ. ;
Dimensions 20 სმ.
440 ## - სერიის ცნობა / დამატებულია ჩანაწერი - სათაური
Title იურისტის ბიბლიოთეკა
9 (RLIN) 137
653 ## - INDEX TERM--UNCONTROLLED
Uncontrolled term სამართალი
700 ## - ADDED ENTRY--PERSONAL NAME
Personal name ზოიძე, ბესარიონ
Relator term რედაქტორი
9 (RLIN) 6398
942 ## - ADDED ENTRY ELEMENTS (KOHA)
Source of classification or shelving scheme
Koha item type წიგნი
ეგზემპლარები
ჩამოწერის სტატუსი დაკარგული ეგზემპლარის სტატუსი კლასიფიკაციის წყარო ან თაროზე გაწყობის სქემა დაზიანების სტატუსი არ გაიცემა მუდმივი მდებარეობა (დაცვის ადგილი) ამჟამინდელი ადგილსამყოფელი თაროზე განთავსების ადგილი შეძენის თარიღი ღირებულება, შესყიდვის ნორმალური ფასი სრული შენახვის შიფრი შტრიხკოდი ბოლო ოპერაციის თარიღი ეგზემპლარის მიმდევრობითი ნომერი (კეტერი?) ფასის ძალაში შესვლის თარიღი ეგზემპლარის სახეობა საჯარო შენიშვნა
          ბათუმის შოთა რუსთაველის სახელმწიფო უნივერსიტეტის მთავარი ბიბლიოთეკა ბათუმის შოთა რუსთაველის სახელმწიფო უნივერსიტეტის მთავარი ბიბლიოთეკა წიგნსაცავი 2020-01-27 8.00 347.65/68 ა-97 59552 2020-01-27 59552 2020-01-27 წიგნი 8 ლ. 60 თ.